Personajes famosos llamados Antonio - Estadísticas

Estadísticas generales
  • Esta prueba ha sido intentada 291 veces
  • La puntuación promedio es 5 de 15
Estadísticas de respuestas
Pista Respuesta % Correcto
Actor, cantante y productor de cine español. Dobló al gato con botas Antonio Banderas
97%
Arquitecto catalán. Algunas de sus obras adornan Barcelona Antoni Gaudí
69%
Compositor veneciano. Las cuatro estaciones Antonio Vivaldi
56%
Conocido por sus hazañas militares con el imperio romano. Amante de Cleopatra Marco Antonio
49%
Actor galés nacionalizado estadounidense. Hannibal y Drácula Anthony Hopkins
45%
Futbolista europeo campeón con la selección de Francia del Mundial de Rusia 2018 Antoine Griezmann
43%
Poeta español de la Generación del 98. "Hoy es siempre todavía" Antonio Machado
42%
Escritor y aviador francés. Autor de El principito Antoine de Saint-Exupéry
26%
Compositor bohemio del siglo XIX. Sinfonía del nuevo mundo Antonín Dvořák
15%
Intelectual, político y periodista italiano. Líder marxista de comienzos del siglo XX Antonio Gramsci
10%
Compositor brasileño, apodado "Tom". Uno de los creadores del bossa nova Antônio Carlos Jobim
7%
Chef, escritor y presentador de televisión que se suicidó en junio de 2018 Anthony Bourdain
4%
Boxeador profesional británico. Campeón mundial de peso pesado de la IBF desde 2016 Anthony Joshua
4%
Voz principal de Red Hot Chili Peppers Anthony Kiedis
4%
Ideólogo independentista, presidente de Colombia y traductor de los Derechos del Hombre al español Antonio Nariño
1%
No se encontraron pruebas coincidentes
Distribución de puntuación
Porcentaje de gente con cada puntuación
Porcentaje por número respondido
Historial de tus puntuaciones
No has intentado esta prueba.